25 plus grandes villes des Hauts-de-France - Statistiques

Statistiques générales
  • Ce quiz a été pris 139 fois
  • Le résultat moyen est 16 sur 25
Statistiques - réponses
Hint Réponse % Correct
236 710 Lille
99%
86 788 Dunkerque
94%
98 892 Roubaix
92%
32 618 Lens
90%
133 625 Amiens
89%
67 380 Calais
89%
42 600 Arras
85%
99 011 Tourcoing
85%
42 991 Valenciennes
80%
62 067 Villeneuve-d'Ascq
70%
39 648 Douai
69%
40 910 Boulogne-sur-Mer
67%
52 958 Saint-Quentin
67%
56 677 Beauvais
63%
31 425 Cambrai
54%
40 394 Compiègne
50%
29 066 Maubeuge
48%
36 106 Creil
43%
28 705 Soissons
42%
25 581 Armentières
35%
30 149 Liévin
34%
39 356 Marcq-en-Baroeul
33%
40 836 Wattrelos
31%
26 035 Hénin-Beaumont
30%
27 121 Lambersart
16%
Aucun quiz correspondant
Distribution des résultats
% des personnes avec chaque résultat
Percentile par nombre de réponses
Votre historique - résultats
Vous n’avez pas pris ce quiz